00732nam a22001577a 4500003000900000008004100009040007100050082001800121100003000139245013300169260005400302300002800356505015200384650002500536650001300561AR-CdUCM190321b ||||| |||| 00| 0 spa d aMUNICIPALIDAD PROVINCIAL DEL CUSCOcBIBLIOTECA MUNICIPAL DEL CUSCO a869.44 /bD75 a Diez de Medina, Fernando aLiteratura boliviana :bintroducción al estudio de las letras nacionales del tiempo mítico a la producción contemporanea / aLa Paz :bAlfonso Tejerina-Librero editor,c1953. a376 páginas ;c20 cm. aContenido : Para una literatura nacional -- Bolivia: tema generador -- Los surcos andinos -- La siembra hispana -- La germinación republicana ... aLiteratura boliviana aSiglo XX